| 000 | 01131nam a22003257a 4500 | ||
|---|---|---|---|
| 001 | BR8203623 | ||
| 003 | BR-BrBNA | ||
| 005 | 20230928091341.0 | ||
| 007 | ta | ||
| 008 | 230509b bl.||||| |||| 00| 0 por d | ||
| 040 |
_aBR-BrBNA _bpor _cBiblioteca Nacional de Agricultura |
||
| 041 | _a(Por) | ||
| 072 |
_aF00 _b0120 _b0336 _b0337 _b/G514 |
||
| 090 | _ 0120 BR8203623 | ||
| 100 | 1 | _aSchiocchet, M.A. | |
| 110 | 1 |
_aUniversidade Federal do Rio Grande do Sul, Porto Alegre (Brasil). Faculdade de Agronomia _0Dissertacao (Mestrado) |
|
| 245 | 1 | _aSucessao de duas culturas de verao, na mesma estacao de crescimento [Zea mays, Helianthus annuus, Glycine max, milho, girassol, soja, Rio Grande do Sul, Brasil] | |
| 260 | 3 |
_aPorto Alegre, RS (Brasil): _c1982. |
|
| 300 | _a105 p. | ||
| 500 | _a18 tables; 5 graphs; Bibliography p. 81-87 ( 78 ref.); Summaries (Eng, Por) | ||
| 650 | _aPRATICA CULTURAL | ||
| 650 | _aROTACAO DE CULTURA | ||
| 650 | _aCULTIVO INTERCALADO | ||
| 650 | _aMILHO | ||
| 650 | _aSOJA | ||
| 650 | _aGIRASSOL | ||
| 650 | _aRIO GRANDE DO SUL | ||
| 909 |
_a202309 _bLucia _c55 _dLucia Elande |
||
| 942 | _cBK | ||
| 999 |
_c33501 _d33501 |
||